Germany's Largest Listed Companies - DAX - Statistics

General Stats
  • This quiz has been taken 115 times
    63 since last reset
  • The average score is 21 of 40
Answer Stats
Sector Company % Correct
Automotive Volkswagen Group
92%
Automotive BMW
90%
Pharmaceuticals Bayer
84%
Automotive Porsche SE
84%
Automotive Mercedes-Benz Group
82%
Financial services Deutsche Bank
78%
Aerospace & Defense Rheinmetall
76%
Industrials Siemens
75%
Financial services Allianz
73%
Telecommunications Deutsche Telekom
73%
Chemicals BASF
69%
Technology SAP
69%
Apparel Adidas
67%
Aerospace & Defense Airbus
67%
Financial services Commerzbank
65%
Logistics Deutsche Post
57%
Automotive Daimler Truck
55%
Automotive Continental
51%
Utilities E.ON
49%
Consumer goods Henkel
49%
E-Commerce Zalando
49%
Construction materials Heidelberg Materials
47%
Energy technology Siemens Energy
47%
Real estate Vonovia
47%
Financial services Munich Re
45%
Utilities RWE
43%
Technology Infineon Technologies
41%
Consumer goods Beiersdorf
37%
Financial services Deutsche Börse
37%
Healthcare Fresenius
35%
Financial services Hannover Re
33%
Healthcare Fresenius Medical Care
31%
Pharmaceuticals Merck
31%
Medical equipment Siemens Healthineers
29%
Distribution Brenntag
27%
Aerospace & Defense MTU Aero Engines
27%
Online marketplace Scout24
25%
Chemicals Symrise
22%
Biotech Qiagen
20%
Food Industry GEA
14%
No matching quizzes found
Score Distribution
Percent of People with Each Score
Percentile by Number Answered
Your Score History
You have not taken this quiz since the last reset